Eritrea : Selected Issues and Statistical Appendix.

This Selected Issues paper and Statistical Appendix examines the sustainability of the public finances in Eritrea. The paper analyzes monetary policy and management. It points out that the period since gaining independence in 1993 has not been long enough for the authorities in Eritrea to gain a ful...

Full beskrivning

Bibliografiska uppgifter
Institutionell upphovsman: International Monetary Fund
Materialtyp: Tidskrift
Språk:English
Publicerad: Washington, D.C. : International Monetary Fund, 2003.
Serie:IMF Staff Country Reports; Country Report ; No. 2003/166
Länkar:Full text available on IMF
LEADER 01642cas a2200241 a 4500
001 AALejournalIMF002511
008 230101c9999 xx r poo 0 0eng d
020 |c 5.00 USD 
020 |z 9781451811971 
022 |a 1934-7685 
040 |a BD-DhAAL  |c BD-DhAAL 
110 2 |a International Monetary Fund. 
245 1 0 |a Eritrea :   |b Selected Issues and Statistical Appendix. 
264 1 |a Washington, D.C. :  |b International Monetary Fund,  |c 2003. 
300 |a 1 online resource (121 pages) 
490 1 |a IMF Staff Country Reports 
500 |a <strong>Off-Campus Access:</strong> No User ID or Password Required 
500 |a <strong>On-Campus Access:</strong> No User ID or Password Required 
506 |a Electronic access restricted to authorized BRAC University faculty, staff and students 
520 3 |a This Selected Issues paper and Statistical Appendix examines the sustainability of the public finances in Eritrea. The paper analyzes monetary policy and management. It points out that the period since gaining independence in 1993 has not been long enough for the authorities in Eritrea to gain a full understanding of the functioning of the economy and develop the necessary skills and expertise to successfully implement the complex mix of economic, financial, and development policies needed to strengthen growth and reduce poverty. The paper also analyzes the determinants of inflation in Eritrea. 
538 |a Mode of access: Internet 
830 0 |a IMF Staff Country Reports; Country Report ;  |v No. 2003/166 
856 4 0 |z Full text available on IMF  |u http://elibrary.imf.org/view/journals/002/2003/166/002.2003.issue-166-en.xml  |z IMF e-Library